Представление документа в формате MARC21

Поле Инд. ПП Название Значение
Тип записи a
Библиографический уровень m
001 Контрольный номер 4edcf2f4-7007-4bce-ac70-e9ce8cf9b71c
005 Дата корректировки 20230322111812.2
008 Кодируемые данные 050427
020 a ISBN 5-7429-0180-1
040 a Служба первич. каталог. НБ ТвГУ
041 0_ a Код языка текста rus
080 a Индекс УДК 27-725-378
a Индекс УДК 371.22-725:378
084 a Индекс другой классификации/Индекс ББК Э372.24-6
090 x Авторский знак П68
a Полочн. индекс Э372.2
245 10 a Заглавие Православный Свято-Тихоновский Богословский Институт. 1992-2002
b Продолж. заглавия к 10-летию Ин-та
c Ответственность [под ред. протоиер. В, Воробьева ; сост. И. В. Щелкачева]
260 0_ a Место издания Москва
b Издательство Православный Свято-Тихоновский Богословский Ин-т
c Дата издания 2002
300 a Объем 286, [1] с.
b Иллюстрации/ тип воспроизводства ил.
500 a Примечание Рез. на англ. яз.
504 a Библиография Библиогр.: с. 256-264.
650 04 a Основная рубрика Православный Свято-Тихоновский Институт
x Основная подрубрика История
y Хронологическая подрубрика 1992-2002 гг.
650 04 a Основная рубрика Богословское образование
653 0_ a Ключевые слова Православие
a Ключевые слова Богословское образование
a Ключевые слова Образование священников
a Ключевые слова Христианство
700 1_ a Другие авторы Воробьев. Владимир
e Роль лиц ред.
c Титул (звание) протоиер.
700 1_ a Другие авторы Щелкачева И. В.
e Роль лиц сост.
852 41 i Расстановочный признак Проверка 2023
920 a Оператор Семен
952 c Вид литературы К рн
954 a Дата поступления на обработку 20050812
e Дата перешифровки 20230322